| 000 | 00537nam a2200169 i 4500 | ||
|---|---|---|---|
| 001 | 142373 | ||
| 003 | ES-MaACL | ||
| 005 | 20230906200515.0 | ||
| 007 | t| | ||
| 008 | 071004s1972 sp ||||1| spa d | ||
| 100 | 1 |
_aWirsum, Siegfried. _9117133 |
|
| 245 | 1 | 0 |
_aMontaje de amplificadores con circuitos integrados / _cSiegfried Wirsum ; traducción por Cayetano Cabrera. |
| 260 |
_aBarcelona : _bMarcombo, _c1972. |
||
| 300 |
_a159 p. : _bil. ; _c17 cm. |
||
| 700 | 1 |
_aCabrera, Cayetano. _933280 |
|
| 852 |
_aES-MaACL _jC-52149 _bR.84833 |
||
| 999 |
_c142373 _d142373 |
||